<?xml version="1.0" encoding="UTF-8"?>
<record
    xmlns:xsi="http://www.w3.org/2001/XMLSchema-instance"
    xsi:schemaLocation="http://www.loc.gov/MARC21/slim http://www.loc.gov/standards/marcxml/schema/MARC21slim.xsd"
    xmlns="http://www.loc.gov/MARC21/slim">

  <leader>00288    a2200121   4500</leader>
  <datafield tag="020" ind1=" " ind2=" ">
    <subfield code="a">9789991572529</subfield>
  </datafield>
  <datafield tag="082" ind1=" " ind2=" ">
    <subfield code="a">WAH</subfield>
  </datafield>
  <datafield tag="100" ind1=" " ind2=" ">
    <subfield code="a">Binmaa Ibrahim Waheed</subfield>
  </datafield>
  <datafield tag="245" ind1=" " ind2=" ">
    <subfield code="a">25 kuru vaahaka(21)</subfield>
  </datafield>
  <datafield tag="260" ind1=" " ind2=" ">
    <subfield code="b">Novelty Printers</subfield>
    <subfield code="c">2015</subfield>
  </datafield>
  <datafield tag="300" ind1=" " ind2=" ">
    <subfield code="a">341 pages</subfield>
    <subfield code="c">;17cm.</subfield>
  </datafield>
  <datafield tag="942" ind1=" " ind2=" ">
    <subfield code="c">AD</subfield>
    <subfield code="2">WAH</subfield>
    <subfield code="i">WAH</subfield>
    <subfield code="6">WAH</subfield>
  </datafield>
  <datafield tag="952" ind1=" " ind2=" ">
    <subfield code="2">ddc</subfield>
    <subfield code="3">Fast Cataloged Item</subfield>
    <subfield code="9">1854</subfield>
    <subfield code="a">KFPL</subfield>
    <subfield code="b">KFPL</subfield>
    <subfield code="c">DHI</subfield>
    <subfield code="d">2024-11-28</subfield>
    <subfield code="l">7</subfield>
    <subfield code="o">WAH</subfield>
    <subfield code="p">KL-2024-002100</subfield>
    <subfield code="r">2026-04-29 16:15:51</subfield>
    <subfield code="s">2026-04-25</subfield>
    <subfield code="y">TN</subfield>
  </datafield>
  <datafield tag="952" ind1=" " ind2=" ">
    <subfield code="2">ddc</subfield>
    <subfield code="3">Fast Cataloged Item</subfield>
    <subfield code="9">1855</subfield>
    <subfield code="a">KFPL</subfield>
    <subfield code="b">KFPL</subfield>
    <subfield code="c">DHI</subfield>
    <subfield code="d">2024-11-28</subfield>
    <subfield code="l">0</subfield>
    <subfield code="o">WAH</subfield>
    <subfield code="p">KL-2024-002101</subfield>
    <subfield code="r">2024-11-28 13:23:57</subfield>
    <subfield code="y">TN</subfield>
  </datafield>
  <datafield tag="999" ind1=" " ind2=" ">
    <subfield code="c">1388</subfield>
    <subfield code="d">1388</subfield>
  </datafield>
</record>
